<?xml version="1.0" encoding="UTF-8"?>
<record
    xmlns:xsi="http://www.w3.org/2001/XMLSchema-instance"
    xsi:schemaLocation="http://www.loc.gov/MARC21/slim http://www.loc.gov/standards/marcxml/schema/MARC21slim.xsd"
    xmlns="http://www.loc.gov/MARC21/slim">

  <leader>00645nam a22001577a 4500</leader>
  <controlfield tag="003">OSt</controlfield>
  <controlfield tag="005">20150912103918.0</controlfield>
  <controlfield tag="008">150912b        xxu||||| |||| 00| 0 eng d</controlfield>
  <datafield tag="040" ind1=" " ind2=" ">
    <subfield code="c">RUA</subfield>
  </datafield>
  <datafield tag="082" ind1=" " ind2=" ">
    <subfield code="a">AGR KIN 1997 B018 Or.1</subfield>
  </datafield>
  <datafield tag="100" ind1=" " ind2=" ">
    <subfield code="9">296</subfield>
    <subfield code="a">KING, ROMANY </subfield>
  </datafield>
  <datafield tag="245" ind1=" " ind2=" ">
    <subfield code="a">Analysis of floating rice eco-systems in srayov commune kompong thom province (&#x1780;&#x17B6;&#x179A;&#x179C;&#x17B7;&#x1797;&#x17B6;&#x1782;&#x1794;&#x17D2;&#x179A;&#x1796;&#x17D0;&#x1793;&#x17D2;&#x1792;&#x1780;&#x17D2;&#x179F;&#x17C1;&#x178F;&#x17D2;&#x179A;&#x1794;&#x179A;&#x17B7;&#x179F;&#x17D2;&#x1790;&#x17B6;&#x1793;&#x179F;&#x17D2;&#x179A;&#x17BC;&#x179C;&#x17A1;&#x17BE;&#x1784;&#x1791;&#x17B9;&#x1780;&#x1780;&#x17D2;&#x1793;&#x17BB;&#x1784;&#x1783;&#x17BB;&#x17C6;&#x179F;&#x17D2;&#x179A;&#x1799;&#x17C9;&#x17BC;&#x179C; &#x1781;&#x17C1;&#x178F;&#x17D2;&#x178F;&#x1780;&#x17C6;&#x1796;&#x1784;&#x17CB;&#x1792;&#x17C6;)</subfield>
  </datafield>
  <datafield tag="260" ind1=" " ind2=" ">
    <subfield code="a">Phnom Penh</subfield>
    <subfield code="b">RUA</subfield>
    <subfield code="c">1997</subfield>
  </datafield>
  <datafield tag="300" ind1=" " ind2=" ">
    <subfield code="a">43p.</subfield>
    <subfield code="b">ill.</subfield>
    <subfield code="c">29cm.</subfield>
  </datafield>
  <datafield tag="942" ind1=" " ind2=" ">
    <subfield code="2">ddc</subfield>
    <subfield code="c">AGR</subfield>
  </datafield>
  <datafield tag="999" ind1=" " ind2=" ">
    <subfield code="c">274</subfield>
    <subfield code="d">274</subfield>
  </datafield>
  <datafield tag="952" ind1=" " ind2=" ">
    <subfield code="0">0</subfield>
    <subfield code="1">0</subfield>
    <subfield code="2">ddc</subfield>
    <subfield code="4">0</subfield>
    <subfield code="6">AGR_KIN_1997_000000000000000_B018_OR_1</subfield>
    <subfield code="7">0</subfield>
    <subfield code="9">1209</subfield>
    <subfield code="a">LBB</subfield>
    <subfield code="b">LBB</subfield>
    <subfield code="d">2015-09-12</subfield>
    <subfield code="o">AGR KIN 1997 B018 Or.1</subfield>
    <subfield code="p">RUA003266</subfield>
    <subfield code="r">2015-09-12</subfield>
    <subfield code="w">2015-09-12</subfield>
    <subfield code="y">AGR</subfield>
  </datafield>
  <datafield tag="952" ind1=" " ind2=" ">
    <subfield code="0">0</subfield>
    <subfield code="1">0</subfield>
    <subfield code="2">ddc</subfield>
    <subfield code="4">0</subfield>
    <subfield code="6">AGR_KIN_1997_000000000000000_B018_OR_2</subfield>
    <subfield code="7">0</subfield>
    <subfield code="9">1210</subfield>
    <subfield code="a">LBB</subfield>
    <subfield code="b">LBB</subfield>
    <subfield code="c">B018</subfield>
    <subfield code="d">2015-09-12</subfield>
    <subfield code="o">AGR KIN 1997 B018 Or.2</subfield>
    <subfield code="p">RUA003338</subfield>
    <subfield code="r">2015-09-12</subfield>
    <subfield code="w">2015-09-12</subfield>
    <subfield code="y">AGR</subfield>
  </datafield>
  <datafield tag="952" ind1=" " ind2=" ">
    <subfield code="0">0</subfield>
    <subfield code="1">0</subfield>
    <subfield code="2">ddc</subfield>
    <subfield code="4">0</subfield>
    <subfield code="6">AGR_KIN_1997_000000000000000_B018_OR_3</subfield>
    <subfield code="7">0</subfield>
    <subfield code="9">1211</subfield>
    <subfield code="a">LBB</subfield>
    <subfield code="b">LBB</subfield>
    <subfield code="c">B018</subfield>
    <subfield code="d">2015-09-12</subfield>
    <subfield code="o">AGR KIN 1997 B018 Or.3</subfield>
    <subfield code="p">RUA003410</subfield>
    <subfield code="r">2015-09-12</subfield>
    <subfield code="w">2015-09-12</subfield>
    <subfield code="y">AGR</subfield>
  </datafield>
  <datafield tag="952" ind1=" " ind2=" ">
    <subfield code="0">0</subfield>
    <subfield code="1">0</subfield>
    <subfield code="2">ddc</subfield>
    <subfield code="4">0</subfield>
    <subfield code="6">AGR_KIN_1997_000000000000000_B018_OR_4</subfield>
    <subfield code="7">0</subfield>
    <subfield code="9">1212</subfield>
    <subfield code="a">LBB</subfield>
    <subfield code="b">LBB</subfield>
    <subfield code="c">B018</subfield>
    <subfield code="d">2015-09-12</subfield>
    <subfield code="o">AGR KIN 1997 B018 Or.4</subfield>
    <subfield code="p">RUA003482</subfield>
    <subfield code="r">2015-09-12</subfield>
    <subfield code="w">2015-09-12</subfield>
    <subfield code="y">AGR</subfield>
  </datafield>
  <datafield tag="952" ind1=" " ind2=" ">
    <subfield code="0">0</subfield>
    <subfield code="1">0</subfield>
    <subfield code="2">ddc</subfield>
    <subfield code="4">0</subfield>
    <subfield code="6">AGR_KIN_1997_000000000000000_B018_OR_5</subfield>
    <subfield code="7">0</subfield>
    <subfield code="9">1213</subfield>
    <subfield code="a">LBB</subfield>
    <subfield code="b">LBB</subfield>
    <subfield code="c">B018</subfield>
    <subfield code="d">2015-09-12</subfield>
    <subfield code="o">AGR KIN 1997 B018 Or.5</subfield>
    <subfield code="p">RUA003554</subfield>
    <subfield code="r">2015-09-12</subfield>
    <subfield code="w">2015-09-12</subfield>
    <subfield code="y">AGR</subfield>
  </datafield>
  <datafield tag="952" ind1=" " ind2=" ">
    <subfield code="0">0</subfield>
    <subfield code="1">0</subfield>
    <subfield code="2">ddc</subfield>
    <subfield code="4">0</subfield>
    <subfield code="6">AGR_KIN_1997_000000000000000_B018_OR_6</subfield>
    <subfield code="7">0</subfield>
    <subfield code="9">1214</subfield>
    <subfield code="a">LBB</subfield>
    <subfield code="b">LBB</subfield>
    <subfield code="c">B018</subfield>
    <subfield code="d">2015-09-12</subfield>
    <subfield code="o">AGR KIN 1997 B018 Or.6</subfield>
    <subfield code="p">RUA003115</subfield>
    <subfield code="r">2015-09-12</subfield>
    <subfield code="w">2015-09-12</subfield>
    <subfield code="y">AGR</subfield>
  </datafield>
  <datafield tag="952" ind1=" " ind2=" ">
    <subfield code="0">0</subfield>
    <subfield code="1">0</subfield>
    <subfield code="2">ddc</subfield>
    <subfield code="4">0</subfield>
    <subfield code="6">AGR_KIN_1997_000000000000000_B018_OR_7</subfield>
    <subfield code="7">0</subfield>
    <subfield code="9">1215</subfield>
    <subfield code="a">LBB</subfield>
    <subfield code="b">LBB</subfield>
    <subfield code="c">B018</subfield>
    <subfield code="d">2015-09-12</subfield>
    <subfield code="l">1</subfield>
    <subfield code="o">AGR KIN 1997 B018 Or.7</subfield>
    <subfield code="p">RUA003116</subfield>
    <subfield code="r">2019-08-07</subfield>
    <subfield code="s">2019-07-02</subfield>
    <subfield code="w">2015-09-12</subfield>
    <subfield code="y">AGR</subfield>
  </datafield>
  <datafield tag="952" ind1=" " ind2=" ">
    <subfield code="0">0</subfield>
    <subfield code="1">0</subfield>
    <subfield code="2">ddc</subfield>
    <subfield code="4">0</subfield>
    <subfield code="6">AGR_KIN_1997_000000000000000_B018_OR_8</subfield>
    <subfield code="7">0</subfield>
    <subfield code="9">1216</subfield>
    <subfield code="a">LBB</subfield>
    <subfield code="b">LBB</subfield>
    <subfield code="c">B018</subfield>
    <subfield code="d">2015-09-12</subfield>
    <subfield code="o">AGR KIN 1997 B018 Or.8</subfield>
    <subfield code="p">RUA003188</subfield>
    <subfield code="r">2015-09-12</subfield>
    <subfield code="w">2015-09-12</subfield>
    <subfield code="y">AGR</subfield>
  </datafield>
  <datafield tag="952" ind1=" " ind2=" ">
    <subfield code="0">0</subfield>
    <subfield code="1">0</subfield>
    <subfield code="2">ddc</subfield>
    <subfield code="4">0</subfield>
    <subfield code="6">AGR_KIN_1997_000000000000000_B018_OR_9</subfield>
    <subfield code="7">0</subfield>
    <subfield code="9">1217</subfield>
    <subfield code="a">LBB</subfield>
    <subfield code="b">LBB</subfield>
    <subfield code="c">B018</subfield>
    <subfield code="d">2015-09-12</subfield>
    <subfield code="o">AGR KIN 1997 B018 Or.9</subfield>
    <subfield code="p">RUA003260</subfield>
    <subfield code="r">2015-09-12</subfield>
    <subfield code="w">2015-09-12</subfield>
    <subfield code="y">AGR</subfield>
  </datafield>
  <datafield tag="952" ind1=" " ind2=" ">
    <subfield code="0">0</subfield>
    <subfield code="1">0</subfield>
    <subfield code="2">ddc</subfield>
    <subfield code="4">0</subfield>
    <subfield code="6">AGR_KIN_1997_000000000000000_B018_OR_10</subfield>
    <subfield code="7">0</subfield>
    <subfield code="9">1218</subfield>
    <subfield code="a">LBB</subfield>
    <subfield code="b">LBB</subfield>
    <subfield code="c">B018</subfield>
    <subfield code="d">2015-09-12</subfield>
    <subfield code="o">AGR KIN 1997 B018 Or.10</subfield>
    <subfield code="p">RUA003332</subfield>
    <subfield code="r">2015-09-12</subfield>
    <subfield code="w">2015-09-12</subfield>
    <subfield code="y">AGR</subfield>
  </datafield>
  <datafield tag="952" ind1=" " ind2=" ">
    <subfield code="0">0</subfield>
    <subfield code="1">0</subfield>
    <subfield code="2">ddc</subfield>
    <subfield code="4">0</subfield>
    <subfield code="6">AGR_KIN_1997_000000000000000_B018_OR_11</subfield>
    <subfield code="7">0</subfield>
    <subfield code="9">1219</subfield>
    <subfield code="a">LBB</subfield>
    <subfield code="b">LBB</subfield>
    <subfield code="c">B018</subfield>
    <subfield code="d">2015-09-12</subfield>
    <subfield code="l">1</subfield>
    <subfield code="o">AGR KIN 1997 B018 Or.11</subfield>
    <subfield code="p">RUA003777</subfield>
    <subfield code="r">2016-10-04</subfield>
    <subfield code="s">2016-08-12</subfield>
    <subfield code="w">2015-09-12</subfield>
    <subfield code="y">AGR</subfield>
  </datafield>
</record>
